Statistics for Matchstick General Knowledge

Click here to take the quiz!

General Stats

  • This quiz has been taken 16 times
  • The average score is 13 of 25

Answer Stats

HintAnswer% Correct
What is the tallest building in France?Eiffel Tower
100%
On your marks, get set ...?Go
100%
What is the currency of Japan?Yen
93%
If Alice had one white rabbit, how many rabbits does she have?One
87%
If 2 + 2 equals 4, what is 20 x 20?400
87%
Mary had a little ...?Lamb
73%
What is the capital of Latvia?Riga
67%
What was the first South American country to hold both the Olympic Games and the World Cup?Brazil
67%
We're Pinky, we're Pinky and the ...?Brain
60%
The Hydra is a mythical creature in which pantheon?Greek
60%
Who is his Airness?Michael Jordan
60%
Hell hath no fury like ...?A woman scorned
60%
Make like a banana and ...?Split
53%
What landmark is also named Uluru?Ayers Rock
53%
Don't Stop Believin' was sung by who?Journey
53%
What is the tallest mountain in the UK?Ben Nevis
53%
Who is the owner of the Kwik E-Mart?Apu Nahasapeemapetilon
40%
Kid Rock sampled what Lynyrd Skynyrd song?Sweet Home Alabama
33%
Mickey Mouse was originally meant to be called?Mortimer
27%
Frank Sinatra and George Clooney both played this character?Danny Ocean
20%
Who was the slayer of the above?Heracles
7%
What was Walt Disney's first character called?Oswald the Lucky Rabbit
0%
Which Japanese region is featured in the original Pokemon games?Kanto
0%
Mel Gibson, Harrison Ford and Kelsey Grammar have all starred in what film series?The Expendables
0%
Ronda Rousey and Michelle Rodrigues fought each other in which film?Furious 7
0%

Score Distribution

Percentile by Number Answered

Percent of People with Each Score

Your Score History

You have not taken this quiz